000 00518nam a2200169Ia 4500
008 090201s9999 xx 000 0 und d
010 _aKPL-63323
040 _bमराठी
041 _aमराठी
082 _a2893
_b63323
100 _aनयना आचार्य
245 _aझाकोळ
_cनयना आचार्य
260 _c2004
_bनंदादीप बुक सर्व्हिसेस्
300 _a152
_bमोठा
600 _aझाकोळ
942 _cBOOK
999 _c203979
_d203979